[Event "IECG CP.2002.P.00012 email"]
[Site "IECG email"]
[Date "2002.10.01"]
[Round "?"]
[White "Veilands, Juris"]
[Black "Swinkels, Edwin"]
[Result "0-1"]
[WhiteElo "881"]
[BlackElo "1600"]
[PlyCount "42"]
[EventDate "2002.10.01"]
[EventType "tourn (corr)"]
[EventRounds "6"]
[EventCountry "GER"]
[SourceTitle "Corr 2008"]
[Source "ChessBase"]
[SourceDate "2008.06.24"]
[SourceVersion "1"]
[SourceVersionDate "2008.06.24"]
[SourceQuality "1"]

1. e4 c5 2. Nf3 d6 3. d4 cxd4 4. Nxd4 Nf6 5. Nc3 g6 6. Be2 Bg7 7. Be3 Nc6 8. h4 h5 9. f3 0-0 10. Qd2 a6 11. Nxc6 bxc6 12. 0-0-0 Rb8 13. g3 Qa5 14. Bc4 c5 15. Bb3 Be6 16. e5 Nd7 17. Bxe6 fxe6 18. f4 Rxb2 19. f5 Bxe5 20. fxe6 Rxa2 21. Qd3 Qxc3 0-1

[Event "IECG CN.2001.0.00266"]
[Site "IECG email"]
[Date "2001.10.22"]
[Round "?"]
[White "Biglieri, Pablo Herman"]
[Black "Veilands, Juris"]
[Result "1/2-1/2"]
[WhiteElo "849"]
[BlackElo "841"]
[PlyCount "51"]
[EventDate "2001.10.22"]
[EventType "tourn (corr)"]
[EventRounds "6"]
[SourceTitle "Corr 2008"]
[Source "ChessBase"]
[SourceDate "2008.06.24"]
[SourceVersion "1"]
[SourceVersionDate "2008.06.24"]
[SourceQuality "1"]

1. e4 e5 2. Nf3 Nc6 3. Bc4 d6 4. 0-0 Bg4 5. c3 Qf6 6. Be2 Nge7 7. d3 h6 8. Be3 0-0-0 9. Nbd2 Kb8 10. Nxe5 dxe5 11. Bxg4 Rxd3 12. Qf3 Qxf3 13. Nxf3 g6 14. Rfd1 Rxd1+ 15. Rxd1 f5 16. exf5 gxf5 17. Bh3 Rg8 18. Nxe5 Bg7 19. Nxc6+ Nxc6 20. Bxf5 Ne5 21. Kf1 Nc4 22. Bc1 Nd6 23. Be6 Rf8 24. f4 h5 25. g3 h4 26. Kg2 1/2-1/2

[Event "IECG CN.2001.0.00266"]
[Site "IECG email"]
[Date "2001.10.22"]
[Round "?"]
[White "Veilands, Juris"]
[Black "Lepercq, Pierre"]
[Result "1/2-1/2"]
[WhiteElo "841"]
[BlackElo "883"]
[PlyCount "97"]
[EventDate "2001.10.22"]
[EventType "tourn (corr)"]
[EventRounds "6"]
[SourceTitle "Corr 2008"]
[Source "ChessBase"]
[SourceDate "2008.06.24"]
[SourceVersion "1"]
[SourceVersionDate "2008.06.24"]
[SourceQuality "1"]

1. e4 c5 2. Bc4 e6 3. Nc3 a6 4. a3 Nc6 5. d3 Nf6 6. Bg5 Be7 7. Nf3 h6 8. Bf4 d5 9. Bb3 Nd4 10. Ba2 b5 11. exd5 exd5 12. Nxd4 cxd4 13. Ne2 Qb6 14. Be5 Qa5+ 15. Qd2 Qxd2+ 16. Kxd2 Bb7 17. Rae1 0-0 18. Nxd4 Rfe8 19. Nf5 Kh7 20. Nxe7 Rxe7 21. Bd4 Rc7 22. Bxf6 gxf6 23. Bb3 Rd8 24. f4 d4 25. Rhg1 Kg6 26. g3 f5 27. Re5 f6 28. Re6 a5 29. Rge1 a4 30. Ba2 h5 31. Re7 Rdc8 32. Rxc7 Rxc7 33. Re8 Rd7 34. Be6 Rd6 35. Rg8+ Kh7 36. Rb8 Rxe6 37. Rxb7+ Kg6 38. Rxb5 h4 39. Rb4 hxg3 40. hxg3 Kh5 41. Rxa4 Kg4 42. Rxd4 Kxg3 43. a4 Kf3 44. a5 Ra6 45. b4 Kg4 46. Kc3 Kf3 47. Kd2 Kg4 48. Kc3 Kf3 49. Kd2 1/2-1/2

[Event "IECG CN.2001.0.00254"]
[Site "IECG email"]
[Date "2001.07.08"]
[Round "?"]
[White "Pauls, Lawrence"]
[Black "Veilands, Juris"]
[Result "1/2-1/2"]
[WhiteElo "816"]
[BlackElo "856"]
[PlyCount "34"]
[EventDate "2001.07.08"]
[EventType "tourn (corr)"]
[EventRounds "6"]
[SourceTitle "Corr 2008"]
[Source "ChessBase"]
[SourceDate "2008.06.24"]
[SourceVersion "1"]
[SourceVersionDate "2008.06.24"]
[SourceQuality "1"]

1. e4 e5 2. Nf3 Nc6 3. Nc3 Nf6 4. d4 Bb4 5. Nxe5 Bxc3+ 6. bxc3 Qe7 7. Nxc6 Qxe4+ 8. Qe2 dxc6 9. f3 Qxe2+ 10. Bxe2 0-0 11. 0-0 Nd5 12. Bd2 Re8 13. Rfe1 Bf5 14. c4 Ne3 15. Bxe3 Rxe3 16. Bd3 Rxe1+ 17. Rxe1 Bxd3 1/2-1/2

[Event "IECG CN.2001.0.00238"]
[Site "IECG email"]
[Date "2001.03.15"]
[Round "?"]
[White "Doerdelmann, Thomas"]
[Black "Veilands, Juris"]
[Result "1-0"]
[WhiteElo "800"]
[BlackElo "907"]
[PlyCount "53"]
[EventDate "2001.03.15"]
[EventType "tourn (corr)"]
[EventRounds "6"]
[SourceTitle "Corr 2008"]
[Source "ChessBase"]
[SourceDate "2008.06.24"]
[SourceVersion "1"]
[SourceVersionDate "2008.06.24"]
[SourceQuality "1"]

1. d4 d5 2. e3 Nf6 3. Bd3 Nc6 4. c3 g6 5. f4 Bg4 6. Nf3 e6 7. Nbd2 Bd6 8. 0-0 0-0 9. Qe1 h6 10. Ne5 Bxe5 11. fxe5 Nd7 12. e4 f5 13. exf6 Rxf6 14. Rxf6 Qxf6 15. Qg3 dxe4 16. Nxe4 Qf5 17. Nc5 Qf7 18. Nxd7 Qxd7 19. Qxg4 g5 20. Be4 Rf8 21. d5 Nd8 22. Be3 Qb5 23. Qh5 Rf6 24. Bd4 e5 25. Bxe5 Qb6+ 26. Bd4 Qd6 27. Bxf6 1-0

[Event "IECG CN.2000.0.00204"]
[Site "IECG email"]
[Date "2000.07.11"]
[Round "?"]
[White "Aguilar, Sebastian"]
[Black "Veilands, Juris"]
[Result "1-0"]
[WhiteElo "800"]
[BlackElo "949"]
[PlyCount "67"]
[EventDate "2000.07.11"]
[EventType "tourn (corr)"]
[EventRounds "6"]
[SourceTitle "Corr 2008"]
[Source "ChessBase"]
[SourceDate "2008.06.24"]
[SourceVersion "1"]
[SourceVersionDate "2008.06.24"]
[SourceQuality "1"]

1. e4 e5 2. Nf3 Nc6 3. Bc4 d6 4. 0-0 Bg4 5. c3 Qf6 6. Be2 Nge7 7. d3 h6 8. Nd4 Bxe2 9. Nxe2 d5 10. Nd2 0-0-0 11. b4 Qe6 12. b5 Nb8 13. Qa4 dxe4 14. dxe4 Qd7 15. Nf3 f6 16. Be3 Qd3 17. Rfd1 Qxe2 18. Rxd8+ Kxd8 19. Rd1+ Kc8 20. Rd2 Qxd2 21. Nxd2 a6 22. bxa6 bxa6 23. Qe8+ Kb7 24. Nb3 Nec6 25. Nc5+ Ka8 26. Ne6 Kb7 27. Nxf8 g6 28. Qf7 f5 29. Qg7 Rxf8 30. Qxf8 f4 31. Bd2 Nd7 32. Qxh6 Nb6 33. Qxg6 Nc4 34. Bc1 1-0

[Event "IECG CN.1999.0.00166"]
[Site "IECG email"]
[Date "1999.12.30"]
[Round "?"]
[White "Veilands, Juris"]
[Black "Bolovan, Cristian"]
[Result "0-1"]
[WhiteElo "800"]
[BlackElo "800"]
[PlyCount "102"]
[EventDate "1999.12.30"]
[EventType "tourn (corr)"]
[EventRounds "6"]
[SourceTitle "Corr 2008"]
[Source "ChessBase"]
[SourceDate "2008.06.24"]
[SourceVersion "1"]
[SourceVersionDate "2008.06.24"]
[SourceQuality "1"]

1. e4 e5 2. Nc3 Nf6 3. Bc4 Be7 4. Nf3 d6 5. d4 Nbd7 6. dxe5 Nxe5 7. Nxe5 dxe5 8. Qxd8+ Bxd8 9. 0-0 c6 10. Rd1 b5 11. Bd3 Bb6 12. h3 Be6 13. Bg5 Nh5 14. Be2 Nf4 15. Bxf4 exf4 16. Rd6 Rc8 17. e5 Bc5 18. Rdd1 Bf5 19. Bd3 Bg6 20. Bxg6 hxg6 21. Ne4 Be7 22. Nd6+ Bxd6 23. exd6 Kd7 24. a4 b4 25. Rd3 c5 26. Rad1 Rhe8 27. Rf3 Re4 28. Kh2 Rc6 29. Rd5 Rc4 30. Re5 Rxd6 31. Re2 g5 32. b3 Rcd4 33. Re5 R6d5 34. Rxd5+ Rxd5 35. h4 f6 36. hxg5 fxg5 37. c4 Rd4 38. Kh3 Ke6 39. Kg4 Kf6 40. a5 Kg6 41. a6 Rd6 42. Rh3 Rxa6 43. Rh5 Ra3 44. Rxg5+ Kf6 45. Rxc5 Rxb3 46. Kxf4 Rc3 47. Rc6+ Kf7 48. Ke5 b3 49. Rc7+ Kg6 50. Rb7 Rxc4 51. Rxb3 Rc2 0-1

[Event "IECG CN.1999.0.00166"]
[Site "IECG email"]
[Date "1999.12.30"]
[Round "?"]
[White "Veilands, Juris"]
[Black "Roos, Bernhard"]
[Result "1/2-1/2"]
[WhiteElo "800"]
[BlackElo "800"]
[PlyCount "86"]
[EventDate "1999.12.30"]
[EventType "tourn (corr)"]
[EventRounds "6"]
[SourceTitle "Corr 2008"]
[Source "ChessBase"]
[SourceDate "2008.06.24"]
[SourceVersion "1"]
[SourceVersionDate "2008.06.24"]
[SourceQuality "1"]

1. e4 e5 2. Nf3 Nc6 3. Bb5 a6 4. Ba4 Nf6 5. 0-0 Be7 6. Re1 b5 7. Bb3 0-0 8. Bd5 Bb7 9. Nxe5 Nxd5 10. exd5 Nxe5 11. Rxe5 Bf6 12. Rh5 g6 13. Rh3 Bxd5 14. Nc3 Bb7 15. d4 Re8 16. Bf4 d6 17. a3 Qd7 18. Rh6 Qf5 19. Be3 Bg5 20. Rh3 Re7 21. Bxg5 Qxg5 22. d5 Rae8 23. Rg3 Qf4 24. Rf3 Qg4 25. h3 Qh5 26. Qd4 Re1+ 27. Rxe1 Rxe1+ 28. Kh2 Qe5+ 29. Qxe5 Rxe5 30. Re3 Rxe3 31. fxe3 f5 32. Kg3 Kf7 33. Kf4 Kf6 34. h4 h6 35. e4 g5+ 36. hxg5+ hxg5+ 37. Ke3 c5 38. dxc6 Bxc6 39. g3 Ke5 40. exf5 Kxf5 41. Ne2 Be4 42. Nd4+ Ke5 43. c3 Bd5 1/2-1/2

[Event "IECG CP.1999.P.00049"]
[Site "IECG email"]
[Date "1999.10.01"]
[Round "?"]
[White "Lanin, Boris Aleksandrovic"]
[Black "Veilands, Juris"]
[Result "1-0"]
[WhiteElo "2040"]
[BlackElo "800"]
[PlyCount "47"]
[EventDate "1999.10.01"]
[EventType "tourn (corr)"]
[EventRounds "6"]
[EventCountry "ARG"]
[SourceTitle "Corr 2008"]
[Source "ChessBase"]
[SourceDate "2008.06.24"]
[SourceVersion "1"]
[SourceVersionDate "2008.06.24"]
[SourceQuality "1"]

1. d4 f5 2. g3 e6 3. Bg2 Nf6 4. c4 d5 5. Nh3 Bb4+ 6. Bd2 Nc6 7. Bxb4 Nxb4 8. Qa4+ Nc6 9. Nc3 0-0 10. cxd5 Nxd5 11. Nxd5 exd5 12. Nf4 Ne7 13. 0-0 g5 14. Nd3 c6 15. f4 g4 16. Qb4 a5 17. Qc3 b6 18. Ne5 Rf6 19. Rac1 Ba6 20. Rc2 Bb5 21. Kf2 Ng6 22. Qd2 Nxe5 23. fxe5 Rh6 24. Qxh6 1-0

[Event "IECG CP.1999.P.00049"]
[Site "IECG email"]
[Date "1999.10.01"]
[Round "?"]
[White "Pinasco, Damian"]
[Black "Veilands, Juris"]
[Result "1-0"]
[WhiteElo "1700"]
[BlackElo "800"]
[PlyCount "93"]
[EventDate "1999.10.01"]
[EventType "tourn (corr)"]
[EventRounds "6"]
[EventCountry "ARG"]
[SourceTitle "Corr 2008"]
[Source "ChessBase"]
[SourceDate "2008.06.24"]
[SourceVersion "1"]
[SourceVersionDate "2008.06.24"]
[SourceQuality "1"]

1. e4 e5 2. Nf3 Nc6 3. Bb5 a6 4. Ba4 Nf6 5. 0-0 Nxe4 6. d4 b5 7. Bb3 d5 8. dxe5 Be6 9. c3 Bc5 10. Nbd2 0-0 11. Bc2 Nxd2 12. Qxd2 f6 13. Qd3 g6 14. Bh6 Rf7 15. exf6 Bf5 16. Qd2 Bxc2 17. Qxc2 Qxf6 18. Rfe1 Qf5 19. Qxf5 Rxf5 20. Re6 Bd6 21. Rae1 Rd8 22. h4 a5 23. Kf1 b4 24. R1e3 Rh5 25. Bg5 Rxg5 26. Nxg5 bxc3 27. bxc3 Kg7 28. Re8 Rxe8 29. Rxe8 h6 30. Nf3 Kf7 31. Ra8 Bc5 32. g4 Ke6 33. Rh8 h5 34. gxh5 gxh5 35. Rxh5 Bd6 36. Nd4+ Nxd4 37. cxd4 Bh2 38. Kg2 Bd6 39. Rh6+ Kf5 40. Rxd6 cxd6 41. Kf3 a4 42. a3 Kf6 43. Kg4 Kg6 44. h5+ Kh6 45. f4 Kg7 46. Kg5 Kf7 47. f5 1-0

[Event "IECG CP.1999.P.00049"]
[Site "IECG email"]
[Date "1999.10.01"]
[Round "?"]
[White "Veilands, Juris"]
[Black "Richard, Phil"]
[Result "0-1"]
[WhiteElo "800"]
[BlackElo "2225"]
[PlyCount "74"]
[EventDate "1999.10.01"]
[EventType "tourn (corr)"]
[EventRounds "6"]
[EventCountry "ARG"]
[SourceTitle "Corr 2008"]
[Source "ChessBase"]
[SourceDate "2008.06.24"]
[SourceVersion "1"]
[SourceVersionDate "2008.06.24"]
[SourceQuality "1"]

1. e4 c5 2. Nf3 d6 3. d4 cxd4 4. Nxd4 Nf6 5. Nc3 a6 6. Bg5 e6 7. f4 Qb6 8. Nb3 Nbd7 9. Qf3 Qc7 10. 0-0-0 Be7 11. Be2 b5 12. Kb1 b4 13. Na4 Rb8 14. Nd4 Bb7 15. Bd3 Nc5 16. Nxc5 dxc5 17. Bxf6 Bxf6 18. Nxe6 fxe6 19. Qg4 e5 20. Qe6+ Qe7 21. Qxe7+ Kxe7 22. f5 c4 23. Bxc4 Bxe4 24. Rhg1 Bxf5 25. Bxa6 Be6 26. b3 e4 27. Rge1 Rhd8 28. Rc1 Rb6 29. Bf1 Bf5 30. g4 Bg6 31. Bd3 Bc3 32. Re2 Re6 33. Bc4 Rd2 34. Rxd2 Bxd2 35. Bxe6 Kxe6 36. Rg1 e3 37. a4 bxa3 0-1